LDR 00708naa#a2200169#i#450# 001 EN\\bibl\124101 005 20260605011848.5 011 ## _a2782-4586 100 ## _a20260530b2026####ek#y0engy0150####ca 102 ## _aRU 200 1# _aAspects of the Application of Artificial Intelligence Systems in the Agricultural Activities of the Federal Penitentiary Service of Russia _eJournal article 210 1# _aMoscow _cITBO University _d2026 215 ## _a5 с. 608 ## _aJournal article _2local 675 ## _aЭкономические прогнозы. Экономическая прогностика. Экономическое прогнозирование. 338.27 _z 700 #1 _aTsarkova _gEugenia Gennadievna 856 4# _azhpi.ru _u